00587nam a2200205Ia 4500003000400000005001700004008004100021020001800062040000700080041000800087082001600095100002900111245002300140260002000163300000900183650002800192942001300220999001900233952012900252OSt20251016141757.0250729s2006 xx 000 0 und d a9788171418862 cAL aeng a370.78 BHAW aBhaskaracharyalu9223200 aWorker's education aNew Delhic2006 a135p aWomen Education9223201 2ddccBED c235784d235784 00104070aALbALd2025-07-29eSita Book Houseg80.00l0o370.78 BHAWpBED01103r2025-07-29 16:54:18v80.00w2025-07-29yBK